| 000 | 00531nam a2200193Ia 4500 | ||
|---|---|---|---|
| 005 | 20250326142303.0 | ||
| 008 | 250326s9999 xx 000 0 und d | ||
| 020 | _a0-415-24919-8 | ||
| 037 | _aTextbook | ||
| 040 |
_aFMSL _beng _cFMSL |
||
| 041 |
_aeng _2eng |
||
| 084 |
_aX:8 P1 _qFMSL |
||
| 100 | _aStacey Ralph D | ||
| 245 | 0 |
_aComplex responsive processes in organizations _cStacey Ralph D |
|
| 260 |
_aLondon _bLondon, Routledge _c2001 |
||
| 300 | _ax,258 | ||
| 942 |
_cTB _hX:8 P1 |
||
| 999 |
_c1294308 _d1294308 |
||